| 000 | 01169pam a2200325Ia 4500 | ||
|---|---|---|---|
| 001 | ebr5005524 | ||
| 003 | CaPaEBR | ||
| 006 | m u | ||
| 007 | cr cn||||||||| | ||
| 008 | 870324s2000 nz s 000 0 eng d | ||
| 010 | _z 87005998 | ||
| 020 | _z1877275131 | ||
| 040 |
_aCaPaEBR _cCaPaEBR |
||
| 035 | _a(OCoLC)70769090 | ||
| 050 | 1 | 4 |
_aPN228.M4 _bT87 2000eb |
| 100 | 1 |
_aTurner, Mark, _d1954- |
|
| 245 | 1 | 0 |
_aDeath is the mother of beauty _h[electronic resource] : _bmind, metaphor, criticism / _cMark Turner. |
| 250 | _a[New ed.] | ||
| 260 |
_aChristchurch, N.Z. : _bCybereditions, _c2000. |
||
| 300 | _a177 p. | ||
| 533 |
_aElectronic reproduction. _bPalo Alto, Calif. : _cebrary, _d2009. _nAvailable via World Wide Web. _nAccess may be limited to ebrary affiliated libraries. |
||
| 650 | 0 | _aMetaphor. | |
| 650 | 0 |
_aKinship _vTerminology. |
|
| 650 | 0 | _aSemantics. | |
| 650 | 0 | _aCausation. | |
| 650 | 0 |
_aEnglish poetry _xHistory and criticism. |
|
| 655 | 7 |
_aElectronic books. _2local |
|
| 710 | 2 | _aebrary, Inc. | |
| 856 | 4 | 0 |
_uhttp://site.ebrary.com/lib/rucke/Doc?id=5005524 _zAn electronic book accessible through the World Wide Web; click to view |
| 999 |
_c6149 _d6149 |
||